[Event "MDA-ch"]
[Site "Kishinev"]
[Date "2024.02.06"]
[Round "4"]
[White "Bujac, Dan"]
[Black "Soilita, Nichita"]
[Result "0-1"]
[WhiteElo "1871"]
[BlackElo "1876"]
[PlyCount "114"]
[EventDate "2024.02.03"]
[EventType "swiss"]
[EventRounds "7"]
[EventCountry "MDA"]
[SourceTitle "CB07_2024"]
[SourceDate "2024.02.14"]
[SourceVersion "1"]
[SourceVersionDate "2024.02.14"]
[SourceQuality "1"]

1. Nf3 Nf6 2. g3 g6 3. Bg2 Bg7 4. c4 0-0 5. 0-0 d5 6. cxd5 Qxd5 7. Nc3 Qh5 8. d4 Rd8 9. Qb3 c6 10. e4 h6 11. Ne5 g5 12. Bf3 g4 13. Ne2 Rxd4 14. Nxd4 Qxe5 15. Bf4 Qh5 16. e5 gxf3 17. exf6 Bxf6 18. Nxf3 Be6 19. Qe3 Nd7 20. Rfe1 Bd5 21. Rad1 e5 22. Nxe5 Bxe5 23. Bxe5 Re8 24. f4 f6 25. Rxd5 cxd5 26. Qxa7 fxe5 27. Qxb7 Qf7 28. Rd1 Nf6 29. Qxf7+ Kxf7 30. fxe5 Rxe5 31. a4 Re4 32. Ra1 Rb4 33. a5 Rxb2 34. a6 Rb8 35. a7 Ra8 36. Ra6 Kg6 37. Kf2 Kf5 38. Ke3 Ke5 39. Kd3 Ng4 40. h3 Nf2+ 41. Ke3 Ne4 42. g4 d4+ 43. Kf3 Ng5+ 44. Kg3 d3 45. Kf2 Kf4 46. Rf6+ Ke4 47. h4 Nh3+ 48. Kg3 Ng1 49. Kf2 Rxa7 50. Kxg1 d2 51. Rf1 Rd7 52. Rd1 Ke3 53. Kf1 Rf7+ 54. Kg2 Ke2 55. Rxd2+ Kxd2 56. Kg3 Ke3 57. g5 h5 0-1